000 00617nam a2200241 a 4500
001 nice12345678
003 IN_TiNIC
005 20260116014026.0
008 070320s2004 lona grp 000 0 eng
020 _a0415173582
_c295
082 0 0 _a181.4
_bLEA
100 _aLeaman, Oliver
245 _aEastern Philosophy
_b Key Readings
260 _aLondon
_bRoutledge Chapman Hall
_c2004
300 _a305p
500 _aincludes index and biblioraphy
505 2 _aGlossary, References
650 _aPhilosophy-Oriental
700 1 _aLeaman, Oliver
902 _bSRS
942 _cBK
999 _c13559
_d13559